'I' Countries on a Map Quiz Stats

Quiz Updated Feb 23, 2016

Challenge
Share
Tweet
Score 0/8 Timer 01:30
19 Plays Today
% Correct
Iceland
98.6%
India
98.6%
Ireland
98.2%
Indonesia
97.2%
Iran
96.6%
Iraq
96.4%
Italy
96.3%
Israel
90.3%

You're not logged in!

Compare scores with friends on all Sporcle quizzes.
Sign Up with Email
OR
Log In

You Might Also Like...

Show Comments

Extras

Top Quizzes Today


Score Distribution

Your Account Isn't Verified!

In order to create a playlist on Sporcle, you need to verify the email address you used during registration. Go to your Sporcle Settings to finish the process.